00353nam a2200109Ia 4500008004100000082002100041100002300062245004400085260003900129630001800168650005700186211109s9999||||xx |||||||||||||| ||und|| a894.81209bNAR-G aNarayanamenon, V,  0aGrandaviharam Ed By Kitty Krishna Marar bNATIONAL BOOKSTALLaKottayamc1903 xGeneral Stack aMalayalam LiteraturevLiterary CriticismxLiterature